La representación social de género y el profesorado de educación preescolar y primaria (Record no. 164531)

MARC details
000 -CABECERA
campo de control de longitud fija 00745nab a2200241 a 4500
005 - FECHA Y HORA DE LA ÚLTIMA TRANSACCIÓN
campo de control 20210219161817.0
008 - ELEMENTOS DE LONGITUD FIJA--INFORMACIÓN GENERAL
campo de control de longitud fija 991125s1985 mx 000 0 spa u
035 ## - NÚMERO DE CONTROL DEL SISTEMA
Número de control de sistema UPN01000192429
100 1# - ASIENTO PRINCIPAL--NOMBRE PERSONAL
Nombre de persona Barrientos Granada, Rosa María
222 ## - TÍTULO CLAVE
Título clave DIVERSIDAD Y ENCUENTRO :
222 ## - TÍTULO CLAVE
Información calificativa REVISTA DE ESTUDIOS E INVESTIGACION EDUCATIVA
245 ## - MENCIÓN DE TÍTULO
Título La representación social de género y el profesorado de educación preescolar y primaria
260 ## - PUBLICACIÓN, DISTRIBUCIÓN, ETC.
Lugar de publicación, distribución, etc. Puebla, México
300 ## - DESCRIPCIÓN FÍSICA
Extensión 72-102
362 0# - FECHAS DE PUBLICACIÓN Y/O DESIGNACIÓN SECUENCIAL
Fecha de publicación y/o designación secuencial 2003 Vol. 2, nos. 1-2, ene.-dic.
653 0# - TERMINO DE INDIZACION - NO CONTROLADO
Término no controlado MAESTROS
653 0# - TERMINO DE INDIZACION - NO CONTROLADO
Término no controlado EDUCACION PRIMARIA
653 0# - TERMINO DE INDIZACION - NO CONTROLADO
Término no controlado EDUCACION PREESCOLAR
653 0# - TERMINO DE INDIZACION - NO CONTROLADO
Término no controlado REPRESENTACION SOCIAL
653 0# - TERMINO DE INDIZACION - NO CONTROLADO
Término no controlado GENERO
653 0# - TERMINO DE INDIZACION - NO CONTROLADO
Término no controlado PUEBLA, MEXICO
905 ## - TIPO DE MATERIAL
Tipo de material Articulo

No items available.